000 00527nam a2200181Ia 4500
003 GCL
008 140319s9999 xx 000 0 ara d
040 _aGCL /
_cGCL
082 0 4 _a241
_bخ و
100 1 _aخالد محمد خالد
245 1 0 _aوالموعد الله : كيف اهل الله ? وفيم يتحدثون ? /
_cخالد محمد خالد
300 _a173 ص
490 _a
650 0 4 _aالفلسفة الاسلامية
650 0 4 _aالتوحيد
650 0 4 _aعلم الكلام
942 _2ddc
_cBK
999 _c46160
_d46160